000 00345nam a2200133Ia 4500
005 20260328104324.0
008 260328s9999||||xx |||||||||||||| ||und||
100 _aLos, Sergio
245 0 _aCarlo Scarpa 1906-1978. Un poeta de la Arquitectura /
_cSergio Los
260 _bGustavo Gili
300 _a96 p.
650 _aARQUITECTOS
942 _cBK
999 _c11456
_d11456